000 00693nam a2200241 i 4500
001 C2-0242865
003 PPAK
005 20180727204745.0
008 021006s2002 my |||| ||||| | may d
020 _a9830994104
040 _aPPAK
_beng
_cPPAK
_erda
082 0 4 _a297.27
_223
090 0 0 _a297.27
_bCIR
_dG
245 0 0 _aCiri-ciri wanita yang membawa ke syurga
264 1 _aKuala Lumpur :
_bAl-Hidayah Publishers ,
_c2002
300 _axiii, 521 pages ;
_c23 cm
336 _2rdacontent
_atext
337 _2rdamedia
_aunmediated
338 _2rdacarrier
_avolume
650 1 0 _aMuslim women - Conduct of life ; Women in Islam
700 0 _aJaafar Salleh,
_ecompile
942 _ddc
_cB
999 _c57571
_d57571